| 000 | 00470nam a22001577a 4500 | ||
|---|---|---|---|
| 003 | OSt | ||
| 005 | 20260429133504.0 | ||
| 008 | 260429b |||||||| |||| 00| 0 eng d | ||
| 040 | _cDonated | ||
| 082 |
_21st _a658/San _bSBPIMD301 |
||
| 100 |
_aसाने गुरुजी _92381 |
||
| 245 |
_aसोनसाखळी व इतर कथा _hमराठी |
||
| 260 |
_aKolhapur _bRiya Publications _c2011 |
||
| 300 | _a208 | ||
| 942 |
_2ddc _cDBK _e1st _k658 _mSan _n0 |
||
| 999 |
_c203515 _d203515 |
||